000 00841nam2a2200205 4500
001 RU\NLR\PER_A\002673938_001340
005 20250626083719.0
035 _a(NLR Aleph) 011524724
090 _a12113955
_c12113955
100 _a20171114d2017 |||y0rusy50 ca
101 0 _arus
102 _aRU
200 0 _a2017, № 8 (151)
210 _d2017
_aБ. м.
461 0 _1001RU\NLR\Per\507693
_12001#$aВопросы культурологии$eнаучно-практический и методический журнал$v2017, № 8 (151)
_94073938
_cМосква
_d2006 -
_nПросвещение
_oнаучно-практический и методический журнал
_tВопросы культурологии
_x2073-9702
_v2017, № 8 (151)
852 _aNLR
_jП23/6631
942 _cISSUE
980 _aNB
980 _aRUSPER